60. výročie vzniku Československa

Bibliographic Details
Main Author: Balkóciová, Mária, 1947- (Author)
Format: Book
Language:Slovak
Published: Žilina OK 1978
Subjects:

MARC

LEADER 00000cam a2200000 a 4500
001 vtls010598851
003 SK-MaSNL
005 20260311133238.0
008 240313s1978 xo 000 0 slo
015 |a SNBA1978 
040 |a SNK  |b slo  |c SNK  |e AACR2 
041 0 |a slo 
044 |a xo  |c SK 
080 |a 94(437)  |2 1981 
100 1 |a Balkóciová, Mária,  |d 1947-  |4 aut  |9 195219 
245 1 0 |a 60. výročie vzniku Československa  |c Mária Balkóciová 
246 3 1 |a Šesťdesiate výročie vzniku Československa 
260 |a Žilina  |b OK  |c 1978 
651 7 |a Československo  |2 SNKPH  |9 21376 
655 7 |a metodický materiál  |2 SNKPH  |9 326570 
958 |a OND 
999 |c 840964  |d 842894 
952 |a SNK  |b SNK  |y PREZ  |7 0  |p 17A0981588  |o snkSB 33645  |i snkKSP 3418/82  |0 0  |1 0  |4 0  |d 2014-05-26  |f 1  |l 0  |r 2025-04-08 00:00:00  |w 2026-02-24 
952 |a SNK  |b SNK  |y VYP  |7 0  |o snkSB 33645 D1  |i snkKSP 3419/82  |0 0  |1 0  |4 0  |d 2014-05-26  |l 0  |r 2026-02-24 04:10:11  |w 2026-02-24